| 000 | 00587nam a2200241Ia 4500 | ||
|---|---|---|---|
| 008 | 210210b2010 xxu||||| |||| 00| 0 eng d | ||
| 020 | _a8121932025 | ||
| 041 | _aeng | ||
| 082 | _a658.15 TULT | ||
| 100 | _aTULSIAN (P C) | ||
| 245 | _aTulsians financial management: a self study textbook | ||
| 260 |
_aNew Delhi _bS. Chand & Co. Ltd. _c2010 |
||
| 300 | _axvii-A.17 | ||
| 650 | _aTulsians | ||
| 650 | _atextbook | ||
| 650 | _astudy | ||
| 650 | _aself | ||
| 650 | _amanagement: | ||
| 650 | _afinancial | ||
| 650 | _aa | ||
| 690 | _aFinancial Management | ||
| 906 | _a065776 | ||
| 999 |
_c146481 _d146481 |
||